| 000 | 00384 a2200133 4500 | ||
|---|---|---|---|
| 001 | 91947 | ||
| 082 | _aPR 1752 | ||
| 090 |
_c43894 _d43893 |
||
| 100 | _aUmer Javaid; Prof Muhammad Asim, Advisor | ||
| 245 |
_aDesign and Development of Electronic Identification System for PAF Vehicles _n66 "B" EC |
||
| 260 |
_aRawalpindi _bNUST _c2009 |
||
| 300 | _a58p | ||
| 500 | _aBE Project Report | ||
| 942 |
_aCAE NUST _kPR 1752 |
||
| 999 |
_c327020 _d327020 |
||